E.C. treaty and environmental law /

Saved in:
Bibliographic Details
Main Author: Krämer, Ludwig, 1939-
Format: Book
Language:English
Published: London : Sweet & Maxwell, 1998.
Edition:3rd ed.
Subjects:
Tags: Add Tag
No Tags, Be the first to tag this record!
LEADER 00726nam a2200241 a 4500
001 007659270-7
005 20020606104010.5
008 950124s1998 enk b 00110 eng d
020 |a 0421615206 
035 0 |a ocm39121977 
040 |a MH-L  |c MH-L 
043 |a e------ 
050 4 |a KJE6242  |b .K72x 1998 
100 1 |a Krämer, Ludwig,  |d 1939- 
245 1 0 |a E.C. treaty and environmental law /  |c Ludwig Krämer. 
246 3 |a EC treaty and environmental law 
250 |a 3rd ed. 
260 |a London :  |b Sweet & Maxwell,  |c 1998. 
300 |a xxxiv, 252 p. ;  |c 25 cm. 
504 |a Includes bibliographical references (p. 221-235) and index. 
650 0 |a Environmental law  |z European Union countries. 
988 |a 20020608 
906 |0 MH